000 00514nam a22001817a 4500
003 CEME
005 20210628203041.0
008 210218b xxu||||| |||| 00| 0 eng d
020 _a0-07-112229-X
040 _c.
082 _a519.40285 HEA
100 _aHeath, Michael T
_921543
245 _aScientific computing, an introductory survey
260 _aNEW YORK
_bMCGRAW HILL
_c2002
300 _aXII,563P
650 _aNUMERICAL ANALYSIS -DATA PROCESSING; SCIENCE- DATA PROCESSING
_963024
942 _cBK
_2ddc
999 _c571972
_d571972